[Event "TCh-ROU 1st League 2019"]
[Site "Mamaia ROU"]
[Date "2019.09.23"]
[Round "3.3"]
[White "Oltean, Liviu Ioan"]
[Black "Svetushkin, Dmitry"]
[Result "0-1"]
[WhiteElo "2313"]
[BlackElo "2534"]
[PlyCount "62"]
[EventDate "2019.09.21"]
[WhiteTeam "Csm Cluj Napoca"]
[BlackTeam "Cs Politehnica Iasi"]

1. e4 c6 2. Nf3 d5 3. Nc3 Bg4 4. h3 Bxf3 5. Qxf3 Nf6 6. d3 e6 7. Be2 Bb4 8. O-O
Nbd7 9. Qg3 O-O 10. Bh6 Ne8 11. exd5 cxd5 12. d4 Bd6 13. Bf4 Qb6 14. Rab1 Ndf6
15. Be5 Nd7 16. Bd3 Rc8 17. Rfe1 g6 18. Ne2 Nxe5 19. dxe5 Bb8 20. Nf4 Ng7 21.
Qg5 Qd8 22. Qh6 d4 23. Re2 Rc5 24. Rbe1 Qa5 25. b4 Qxb4 26. h4 Qa5 27. h5 Rxe5
28. Rxe5 Bxe5 29. Rxe5 Qxe5 30. Nxg6 fxg6 31. hxg6 Qh5 0-1

[Event "TCh-ROU 1st League 2019"]
[Site "Mamaia ROU"]
[Date "2019.09.22"]
[Round "2.3"]
[White "Georgescu, Tiberiu-Marian"]
[Black "Oltean, Liviu Ioan"]
[Result "1/2-1/2"]
[WhiteElo "2508"]
[BlackElo "2313"]
[PlyCount "42"]
[EventDate "2019.09.21"]
[WhiteTeam "Acs Vados Arad"]
[BlackTeam "Csm Cluj Napoca"]

1. d4 Nf6 2. Nf3 d5 3. c4 c6 4. e3 e6 5. Bd3 Be7 6. b3 O-O 7. O-O Ne4 8. Qc2 f5
9. Ba3 Bxa3 10. Nxa3 Nd7 11. b4 Qe7 12. Qb2 a5 13. b5 c5 14. dxc5 Ndxc5 15.
Rad1 b6 16. cxd5 exd5 17. Nc2 Bb7 18. Ncd4 Rac8 19. Bc2 Qf6 20. Qa1 f4 21. Rfe1
Kh8 1/2-1/2

[Event "Romanian Teams Championship 2018 - 2nd "]
[Site "Gilau"]
[Date "2018.10.13"]
[Round "7.2"]
[White "Oltean, Liviu Ioan"]
[Black "Suciu, Dinu Simi"]
[Result "1/2-1/2"]
[WhiteElo "2346"]
[BlackElo "2122"]
[PlyCount "77"]
[EventDate "2018.10.07"]
[EventType "team"]
[EventRounds "9"]
[WhiteTeam "CSM Cluj-Napoca"]
[BlackTeam "CS Muncitorul Re?i?a"]

1. d4 c5 2. d5 e5 3. e4 d6 4. Nc3 Be7 5. Nf3 Nf6 6. h3 h5 7. Be3 Nbd7 8. Qd2
Nf8 9. Be2 h4 10. a4 Ng6 11. O-O-O Nh5 12. Kb1 a6 13. Ne1 Ngf4 14. Bg4 g6 15.
Bxc5 dxc5 16. d6 Qxd6 17. Qxd6 Bxd6 18. Rxd6 Ke7 19. Rb6 f5 20. Bxh5 Rxh5 21.
g3 hxg3 22. fxg3 Rxh3 23. Rxh3 Nxh3 24. Nd5+ Kf8 25. Nd3 fxe4 26. Nxe5 Bf5 27.
Rxb7 Ng5 28. Ne3 Re8 29. Nd7+ Bxd7 30. Rxd7 Nf7 31. Rc7 Re5 32. g4 Nh6 33. c4
Rg5 34. a5 Nxg4 35. Nxg4 Rxg4 36. Rxc5 e3 37. Re5 Rxc4 38. Rxe3 Kf7 39. Re1
1/2-1/2

[Event "Romanian Teams Championship 2018 - 2nd "]
[Site "Gilau"]
[Date "2018.10.12"]
[Round "6.2"]
[White "Nedelea, Ariton-Vasile"]
[Black "Oltean, Liviu Ioan"]
[Result "1/2-1/2"]
[WhiteElo "2172"]
[BlackElo "2346"]
[PlyCount "39"]
[EventDate "2018.10.07"]
[EventType "team"]
[EventRounds "9"]
[BlackTeam "CSM Cluj-Napoca"]

1. e4 c5 2. Nf3 d6 3. d4 cxd4 4. Nxd4 Nf6 5. Nc3 a6 6. Be2 e5 7. Nb3 Be7 8. O-O
O-O 9. a4 Be6 10. Bf3 Nbd7 11. a5 Qc7 12. Be3 b5 13. axb6 Nxb6 14. Na5 Nc4 15.
Nxc4 Bxc4 16. Be2 Rfb8 17. Bxc4 Qxc4 18. Ra4 Qc6 19. Qa1 h6 20. Qa2 1/2-1/2

[Event "Romanian Teams Championship 2018 - 2nd "]
[Site "Gilau"]
[Date "2018.10.10"]
[Round "4.2"]
[White "Oltean, Liviu Ioan"]
[Black "Ghimpu, Samuel-Timotei"]
[Result "1/2-1/2"]
[WhiteElo "2346"]
[BlackElo "2227"]
[PlyCount "83"]
[EventDate "2018.10.07"]
[EventType "team"]
[EventRounds "9"]
[WhiteTeam "CSM Cluj-Napoca"]
[BlackTeam "CS Smart Gala?i"]

1. e4 c6 2. Nf3 d5 3. Nc3 Bg4 4. h3 Bxf3 5. Qxf3 e6 6. g3 Nf6 7. Bg2 Bc5 8. O-O
Nbd7 9. Qe2 O-O 10. d3 Qc7 11. Kh2 Rfe8 12. Bg5 h6 13. Bd2 d4 14. Nd1 a5 15. f4
e5 16. f5 a4 17. Nf2 Be7 18. Bf3 b5 19. h4 c5 20. g4 Nh7 21. Kg3 c4 22. Rh1
Rec8 23. g5 Ra6 24. f6 gxf6 25. gxf6 Rxf6 26. Ng4 Rg6 27. h5 Rc6 28. Nxh6+ Kh8
29. Raf1 Rf8 30. Bg4 Ndf6 31. Bf5 cxd3 32. cxd3 Rc2 33. Rc1 a3 34. b3 Bd8 35.
Rhf1 Rxc1 36. Rxc1 Qe7 37. Qh2 Ne8 38. Bxh7 Kxh7 39. Nf5 Qe6 40. Kf3 Be7 41. h6
Rg8 42. Rg1 1/2-1/2

[Event "Romanian Teams Championship 2018 - 2nd "]
[Site "Gilau"]
[Date "2018.10.09"]
[Round "3.2"]
[White "Zubcu, Vlad-George"]
[Black "Oltean, Liviu Ioan"]
[Result "1/2-1/2"]
[WhiteElo "2248"]
[BlackElo "2346"]
[PlyCount "55"]
[EventDate "2018.10.07"]
[EventType "team"]
[EventRounds "9"]
[WhiteTeam "CSU Arad"]
[BlackTeam "CSM Cluj-Napoca"]

1. e4 c5 2. Nf3 d6 3. c3 Nf6 4. Bd3 g6 5. Bc2 Bg7 6. h3 O-O 7. O-O Nc6 8. d3 e5
9. Be3 b6 10. d4 Ba6 11. Re1 Rc8 12. d5 Ne7 13. Nbd2 Nd7 14. Nf1 c4 15. b4 cxb3
16. axb3 Bxf1 17. Rxf1 a5 18. Qd2 f5 19. exf5 Nxf5 20. Bg5 Qc7 21. Rac1 Rf7 22.
c4 Nc5 23. b4 axb4 24. Qxb4 e4 25. Nh2 Nd4 26. Kh1 Nxc2 27. Rxc2 Nd3 28. Qd2
1/2-1/2

[Event "2rd Romanian Teams Championship - Leagu"]
[Site "?"]
[Date "2018.10.08"]
[Round "?"]
[White "Oltean, Liviu Ioan"]
[Black "Filip, Lucian-Ioan"]
[Result "1/2-1/2"]
[WhiteElo "2346"]
[BlackElo "2436"]
[PlyCount "83"]
[EventDate "2018.??.??"]

1. Nf3 Nf6 2. g3 b6 3. Bg2 Bb7 4. O-O c5 5. c4 e6 6. Nc3 a6 7. b3 Be7 8. Bb2
O-O 9. d4 cxd4 10. Qxd4 d6 11. Rfd1 Nbd7 12. Ng5 Bxg2 13. Kxg2 Qc7 14. Kg1 Rfd8
15. Nce4 h6 16. Nf3 Nc5 17. Nxc5 bxc5 18. Qf4 Qc6 19. Rac1 Ne4 20. Nd2 Ng5 21.
Qg4 f5 22. Qh5 Kh7 23. e4 g6 24. Qe2 Nxe4 25. Nxe4 Qxe4 26. Qxe4 fxe4 27. Re1
d5 28. cxd5 exd5 29. f3 Bg5 30. Rxc5 Rac8 31. Rxc8 Rxc8 32. fxe4 Rc2 33. Be5
dxe4 34. Rxe4 Rxa2 35. h4 Bd8 36. Rb4 Re2 37. Rb7+ Kg8 38. Bf4 g5 39. hxg5 Bxg5
40. Rb6 Bxf4 41. gxf4 Rb2 42. Rxa6 1/2-1/2

[Event "Campionatul Naíonal pe echipe-Divizia "]
[Site "Mamaia-jud.Constanta"]
[Date "2015.10.11"]
[Round "9.1"]
[White "Oltean, Liviu Ioan"]
[Black "Dimitrov, Radoslav"]
[Result "0-1"]
[WhiteElo "2354"]
[BlackElo "2486"]
[PlyCount "48"]
[EventDate "2015.10.03"]
[EventType "team"]
[EventRounds "9"]
[WhiteTeam "CSM CORAL IMPEX CLUJ-NAPOCA"]
[BlackTeam "ACS COMEX  BUCURE?TI"]

1. Nf3 d5 2. d4 c5 3. g3 cxd4 4. Nxd4 e5 5. Nb3 h6 6. Bg2 Nf6 7. c4 d4 8. e3
Bg4 9. f3 Be6 10. exd4 exd4 11. Qxd4 Nc6 12. Qxd8+ Rxd8 13. O-O Bxc4 14. Re1+
Be7 15. Be3 O-O 16. N1d2 Be6 17. a3 Rd3 18. Nc1 Rxe3 19. Rxe3 Bc5 20. Kf2 Nd5
21. Nf1 Nxe3 22. Nxe3 Re8 23. Nd3 Bxe3+ 24. Kxe3 Bf5+ 0-1

[Event "Campionatul Naíonal pe echipe-Divizia "]
[Site "Mamaia-jud.Constanta"]
[Date "2015.10.09"]
[Round "7.1"]
[White "Oltean, Liviu Ioan"]
[Black "Shishkin, Vadim"]
[Result "0-1"]
[WhiteElo "2354"]
[BlackElo "2517"]
[PlyCount "79"]
[EventDate "2015.10.03"]
[EventType "team"]
[EventRounds "9"]
[WhiteTeam "CSM CORAL IMPEX CLUJ-NAPOCA"]
[BlackTeam "CS MUNCITORUL RE?I?A"]

1. e4 c5 2. Nf3 Nc6 3. Bb5 g6 4. O-O Bg7 5. Bxc6 bxc6 6. Re1 Qc7 7. Nc3 d6 8.
d3 e5 9. Bg5 h6 10. Bd2 Ne7 11. h3 O-O 12. Ne2 f5 13. Ng3 f4 14. Nf1 Be6 15. b4
cxb4 16. Bxb4 c5 17. Bd2 g5 18. c4 Nc6 19. Bc3 Bf6 20. N3h2 Qf7 21. Rb1 h5 22.
Rb2 Bd8 23. f3 Bb6 24. Qe2 Kh7 25. Reb1 Rg8 26. Nd2 Rg7 27. Kf2 Rh8 28. Rf1 Qc7
29. Nb3 Kg8 30. Ke1 Rh6 31. Kd1 Qc8 32. Kc1 Rhg6 33. Rh1 Qa6 34. Qe1 Qa3 35.
Kb1 Rb7 36. Qc1 Nb4 37. Rd2 Qa4 38. Bxb4 cxb4 39. Rdd1 Qe8 40. c5 0-1

[Event "Campionatul Naíonal pe echipe-Divizia "]
[Site "Mamaia-jud.Constanta"]
[Date "2015.10.08"]
[Round "6.1"]
[White "Rusan, Paul Cristian"]
[Black "Oltean, Liviu Ioan"]
[Result "1/2-1/2"]
[WhiteElo "2199"]
[BlackElo "2354"]
[PlyCount "37"]
[EventDate "2015.10.03"]
[EventType "team"]
[EventRounds "9"]
[BlackTeam "CSM CORAL IMPEX CLUJ-NAPOCA"]

1. e4 c5 2. Nf3 d6 3. d4 cxd4 4. Nxd4 Nf6 5. Nc3 Nc6 6. Bg5 Qb6 7. Nb3 e6 8.
Bxf6 gxf6 9. Qh5 Bd7 10. Be2 Nd4 11. Bd3 a6 12. O-O Nxb3 13. axb3 Qc5 14. Qe2
h5 15. Kh1 h4 16. h3 Qh5 17. Qe3 Qc5 18. Qe2 Qh5 19. Qe3 1/2-1/2

[Event "Campionatul Naíonal pe echipe-Divizia "]
[Site "Mamaia-jud.Constanta"]
[Date "2015.10.07"]
[Round "5.1"]
[White "Oltean, Liviu Ioan"]
[Black "Secheres, Adrian Simion"]
[Result "1/2-1/2"]
[WhiteElo "2354"]
[BlackElo "2280"]
[PlyCount "29"]
[EventDate "2015.10.03"]
[EventType "team"]
[EventRounds "9"]
[WhiteTeam "CSM CORAL IMPEX CLUJ-NAPOCA"]
[BlackTeam "CS SÎNANDREI-CSS NR.1 TIMI?OARA"]

1. Nf3 Nf6 2. c4 g6 3. Nc3 Bg7 4. e4 d6 5. d4 O-O 6. Be2 e5 7. dxe5 dxe5 8.
Qxd8 Rxd8 9. Bg5 Rf8 10. Nd5 Nxd5 11. cxd5 c6 12. Bc4 b5 13. Bb3 Bb7 14. Rd1 c5
15. Be7 1/2-1/2

[Event "Campionatul Naíonal pe echipe-Divizia "]
[Site "Mamaia-jud.Constanta"]
[Date "2015.10.06"]
[Round "4.1"]
[White "Dicu, Razvan Stefan"]
[Black "Oltean, Liviu Ioan"]
[Result "0-1"]
[WhiteElo "2275"]
[BlackElo "2354"]
[PlyCount "99"]
[EventDate "2015.10.03"]
[EventType "team"]
[EventRounds "9"]
[WhiteTeam "CS OTOPENI"]
[BlackTeam "CSM CORAL IMPEX CLUJ-NAPOCA"]

1. e4 c5 2. Nf3 d6 3. d4 cxd4 4. Nxd4 Nf6 5. Nc3 Nc6 6. Bg5 e6 7. Qd2 h6 8.
Bxf6 gxf6 9. O-O-O a6 10. f4 h5 11. Kb1 Qb6 12. Nb3 Bd7 13. Na4 Qa7 14. Nac5
Bc8 15. Nd3 Be7 16. Be2 b5 17. Bf3 Bd7 18. f5 e5 19. Qf2 h4 20. Qxa7 Rxa7 21.
Nf2 a5 22. c3 Nb8 23. Ng4 Bc6 24. Na1 Nd7 25. Nc2 O-O 26. Rd2 Nc5 27. Nxf6+
Bxf6 28. Rxd6 Bxe4 29. Rxf6 Kg7 30. Rb6 Bxf5 31. Rxb5 Rc8 32. Re1 f6 33. g4
hxg3 34. hxg3 Rd7 35. Rd1 Rxd1+ 36. Bxd1 Rd8 37. Be2 Rd2 38. Rxc5 Rxe2 39. b4
Bxc2+ 40. Kb2 e4 41. b5 e3 42. b6 Be4+ 43. Ka3 Re1 44. Rb5 Rh1 45. b7 Rh8 46.
Rb2 Re8 47. Ka4 Kg6 48. Kxa5 Bxb7 49. Rxb7 e2 50. Rb1 0-1

[Event "Campionatul Naíonal pe echipe-Divizia "]
[Site "Mamaia-jud.Constanta"]
[Date "2015.10.05"]
[Round "3.1"]
[White "Oltean, Liviu Ioan"]
[Black "Barbu, Iulian"]
[Result "1/2-1/2"]
[WhiteElo "2354"]
[BlackElo "2217"]
[PlyCount "120"]
[EventDate "2015.10.03"]
[EventType "team"]
[EventRounds "9"]
[WhiteTeam "CSM CORAL IMPEX CLUJ-NAPOCA"]
[BlackTeam "CSU ALEX BRA?OV"]

1. Nf3 b5 2. d4 Nf6 3. Bg5 Ne4 4. Bf4 d5 5. e3 a6 6. a4 b4 7. Nbd2 Nf6 8. Bd3
e6 9. e4 dxe4 10. Nxe4 Nbd7 11. O-O Bb7 12. Qe2 Be7 13. Rad1 O-O 14. Ne5 Qc8
15. Rfe1 Nxe4 16. Bxe4 Bxe4 17. Qxe4 Nf6 18. Nc6 Re8 19. Qf3 Nd5 20. Bg3 Bf6
21. Ne5 c5 22. Qe4 a5 23. dxc5 Bxe5 24. Bxe5 Qxc5 25. c4 bxc3 26. Rc1 Qb4 27.
Bxc3 Qxe4 28. Rxe4 Rac8 29. g3 Nxc3 30. Rxc3 Rxc3 31. bxc3 Rc8 32. Re5 Rxc3 33.
Rxa5 g6 34. Ra7 h5 35. a5 Ra3 36. a6 Kg7 37. Ra8 Ra4 38. Kg2 h4 39. Kf3 hxg3
40. hxg3 Kf6 41. Ke3 g5 42. f3 Ra3+ 43. Kf2 Ra2+ 44. Ke1 Ra3 45. a7 Ra2 46. Kd1
Ra6 47. Kc2 Ra5 48. Kc3 Ra2 49. Kd4 Ra1 50. Kc5 Ra2 51. Kd6 Rd2+ 52. Kc6 Ra2
53. Kd7 Ra1 54. Ke8 Kg7 55. Ke7 Ra2 56. g4 Ra1 57. Kd6 Kf6 58. Kc5 Ra2 59. Kd4
Ra1 60. Ke4 Ra2 1/2-1/2

[Event "Campionatul Naíonal pe echipe-Divizia "]
[Site "Mamaia-jud.Constanta"]
[Date "2015.10.04"]
[Round "2.1"]
[White "Musat, Adrian"]
[Black "Oltean, Liviu Ioan"]
[Result "1/2-1/2"]
[WhiteElo "2405"]
[BlackElo "2354"]
[PlyCount "40"]
[EventDate "2015.10.03"]
[EventType "team"]
[EventRounds "9"]
[WhiteTeam "SAH CLUB OLTENIA CRAIOVA"]
[BlackTeam "CSM CORAL IMPEX CLUJ-NAPOCA"]

1. Nf3 Nf6 2. c4 g6 3. Nc3 Bg7 4. e4 d6 5. d4 O-O 6. Be2 e5 7. Be3 Nc6 8. d5
Ne7 9. Nd2 Ne8 10. f3 f5 11. b4 f4 12. Bf2 g5 13. Nb3 Ng6 14. Qd2 h5 15. h3 g4
16. hxg4 hxg4 17. O-O-O g3 18. Be1 Nh4 19. Bd3 Bf6 20. Qe2 Rf7 1/2-1/2

[Event "Campionatul Naíonal pe echipe-Divizia "]
[Site "Mamaia-jud.Constanta"]
[Date "2015.10.03"]
[Round "1.1"]
[White "Oltean, Liviu Ioan"]
[Black "Castellanos Rodriguez, Renier"]
[Result "1/2-1/2"]
[WhiteElo "2354"]
[BlackElo "2479"]
[PlyCount "57"]
[EventDate "2015.10.03"]
[EventType "team"]
[EventRounds "9"]
[WhiteTeam "CSM CORAL IMPEX CLUJ-NAPOCA"]
[BlackTeam "ACS ?AH CLUB VADOS ARAD"]

1. e4 c5 2. Nf3 e6 3. c4 Nc6 4. Nc3 Nge7 5. d4 cxd4 6. Nxd4 Nxd4 7. Qxd4 Nc6 8.
Qe3 b6 9. Be2 Bc5 10. Qg3 O-O 11. O-O Bb7 12. Bg5 f6 13. Be3 Ne5 14. f4 Nf7 15.
Bxc5 bxc5 16. Rad1 Qe7 17. Bh5 Bc6 18. Bxf7+ Qxf7 19. b3 f5 20. e5 Kh8 21. h4
h6 22. Kf2 Qh5 23. Rh1 Rfb8 24. Rd2 a5 25. Rhd1 Rb7 26. Na4 Bxa4 27. bxa4 Raa7
28. a3 Kh7 29. Kg1 1/2-1/2

[Event "Campionatele Nationale echipe - Div A -"]
[Site "Calimanesti-Caciulata"]
[Date "2014.11.16"]
[Round "9.2"]
[White "Vajda , Albert (MI)"]
[Black "Oltean, Liviu Ioan"]
[Result "1/2-1/2"]
[WhiteElo "2442"]
[BlackElo "2344"]
[PlyCount "49"]
[EventDate "2014.11.08"]
[EventType "team"]
[EventRounds "9"]
[WhiteTeam "ACS SAH-CLUB VADOS ARAD"]
[BlackTeam "CSM CLUJ-NAPOCA"]

1. e4 c5 2. Nf3 d6 3. d4 cxd4 4. Nxd4 Nf6 5. Nc3 a6 6. Bc4 e6 7. Bb3 Nbd7 8.
Bg5 Nc5 9. Qe2 Be7 10. f4 h6 11. Bxf6 Bxf6 12. O-O-O Qc7 13. Kb1 Bd7 14. g4
O-O-O 15. h4 Nxb3 16. cxb3 Kb8 17. Qd2 Qc5 18. Nde2 Bc6 19. Rh2 Bxc3 20. Nxc3
d5 21. exd5 Bxd5 22. Qe2 Bc6 23. a3 Ka8 24. Ka2 Qb6 25. Rh3 1/2-1/2

[Event "Campionatele Nationale echipe - Div A -"]
[Site "Calimanesti-Caciulata"]
[Date "2014.11.15"]
[Round "8.2"]
[White "Oltean, Liviu Ioan"]
[Black "Badea Takacs, Bela"]
[Result "1/2-1/2"]
[WhiteElo "2344"]
[BlackElo "2476"]
[PlyCount "44"]
[EventDate "2014.11.08"]
[EventType "team"]
[EventRounds "9"]
[WhiteTeam "CSM CLUJ-NAPOCA"]
[BlackTeam "CSU BRASOV"]

1. e4 d6 2. d4 Nf6 3. Nc3 e5 4. dxe5 dxe5 5. Qxd8+ Kxd8 6. Bc4 Ke8 7. Nf3 Bd6
8. O-O c6 9. Bg5 Nfd7 10. Be3 f6 11. Rfe1 Nb6 12. Bb3 N8d7 13. Rad1 Be7 14. Be6
Nc5 15. Bxc8 Rxc8 16. Bxc5 Bxc5 17. Rd3 Rd8 18. Red1 Rxd3 19. Rxd3 Nc4 20. Nd1
Nd6 21. Nd2 Ke7 22. Ne3 g6 1/2-1/2

[Event "Campionatele Nationale echipe - Div A -"]
[Site "Calimanesti-Caciulata"]
[Date "2014.11.14"]
[Round "7.2"]
[White "Titu, Maiorescu Dorin"]
[Black "Oltean, Liviu Ioan"]
[Result "1-0"]
[WhiteElo "2201"]
[BlackElo "2344"]
[PlyCount "73"]
[EventDate "2014.11.08"]
[EventType "team"]
[EventRounds "9"]
[WhiteTeam "CS CHINDIA TARGOVISTE"]
[BlackTeam "CSM CLUJ-NAPOCA"]

1. Nf3 d5 2. d3 Nf6 3. g3 Bf5 4. Bg2 e6 5. O-O Be7 6. c3 O-O 7. b4 a5 8. b5 c5
9. bxc6 bxc6 10. a4 Qc7 11. Na3 Na6 12. Bf4 Bd6 13. Bxd6 Qxd6 14. Nd4 Bg6 15.
f4 Ng4 16. Nac2 e5 17. h3 Nf6 18. fxe5 Qxe5 19. Nxc6 Qxg3 20. Rxf6 gxf6 21.
Ne7+ Kg7 22. Nxd5 Rad8 23. c4 Rfe8 24. Qf1 Rd6 25. Qf4 Qxf4 26. Nxf4 Rb8 27.
Na3 Rb2 28. Nb5 Rd8 29. d4 Bc2 30. Bb7 Nb4 31. c5 Re8 32. c6 Be4 33. Nd6 Bxc6
34. Bxc6 Rexe2 35. Nf5+ Kf8 36. Nxe2 Rxe2 37. Bb5 1-0

[Event "Campionatele Nationale echipe - Div A -"]
[Site "Calimanesti-Caciulata"]
[Date "2014.11.12"]
[Round "5.2"]
[White "Oltean, Liviu Ioan"]
[Black "Bogdan , Dan"]
[Result "1/2-1/2"]
[WhiteElo "2344"]
[BlackElo "2382"]
[PlyCount "41"]
[EventDate "2014.11.08"]
[EventType "team"]
[EventRounds "9"]
[WhiteTeam "CSM CLUJ-NAPOCA"]
[BlackTeam "CS APOLLO SATU-MARE"]

1. e4 c6 2. Nf3 d5 3. Nc3 a6 4. d4 g6 5. Be2 Bg7 6. O-O Nh6 7. e5 O-O 8. Bf4 f6
9. exf6 exf6 10. Qd2 Nf7 11. h3 Nd7 12. Rfe1 Re8 13. Bf1 Rxe1 14. Rxe1 Nf8 15.
Na4 Ne6 16. Be3 Nd6 17. Nc5 Nf5 18. Nxe6 Bxe6 19. Bf4 Qd7 20. c3 Re8 21. Bd3
1/2-1/2

[Event "Campionatele Nationale echipe - Div A -"]
[Site "Calimanesti-Caciulata"]
[Date "2014.11.11"]
[Round "4.2"]
[White "Andreescu, Darie-Ioan"]
[Black "Oltean, Liviu Ioan"]
[Result "0-1"]
[WhiteElo "2295"]
[BlackElo "2344"]
[PlyCount "70"]
[EventDate "2014.11.08"]
[EventType "team"]
[EventRounds "9"]
[WhiteTeam "CS UNIVERSITATEA TARGOVISTE"]
[BlackTeam "CSM CLUJ-NAPOCA"]

1. d4 Nf6 2. c4 c5 3. d5 g6 4. Nc3 Bg7 5. g3 O-O 6. Bg2 d6 7. Nf3 e5 8. O-O h6
9. e4 Bg4 10. h3 Bxf3 11. Qxf3 Nbd7 12. Qd3 a6 13. Bd2 Ne8 14. a4 a5 15. Kh2
Nc7 16. Be3 Qe7 17. Qd2 Kh7 18. h4 f5 19. Qd3 f4 20. Bd2 h5 21. Bf3 Na6 22. Qe2
Nb4 23. Rac1 Bh6 24. Kg2 Rf7 25. Kh3 Raf8 26. g4 hxg4+ 27. Bxg4 f3 28. Qe1 Bxd2
29. Qxd2 Rf4 30. Rh1 Nf6 31. Rcg1 Nxg4 32. Rxg4 Rxg4 33. Kxg4 Rf4+ 34. Kg3 Qd7
35. Kh2 Rxh4+ 0-1

[Event "Campionatele Nationale echipe - Div A -"]
[Site "Calimanesti-Caciulata"]
[Date "2014.11.10"]
[Round "3.1"]
[White "Posedaru , Bogdan"]
[Black "Oltean, Liviu Ioan"]
[Result "1/2-1/2"]
[WhiteElo "2351"]
[BlackElo "2344"]
[PlyCount "99"]
[EventDate "2014.11.08"]
[EventType "team"]
[EventRounds "9"]
[WhiteTeam "CS PETROM FLACARA MORENI"]
[BlackTeam "CSM CLUJ-NAPOCA"]

1. d4 d5 2. c4 dxc4 3. Nf3 a6 4. e3 Bg4 5. Bxc4 e6 6. h3 Bh5 7. Nc3 Nf6 8. O-O
Nc6 9. Be2 Be7 10. b3 O-O 11. Bb2 Nb4 12. Ne5 Bxe2 13. Qxe2 Nd7 14. Rfd1 Nd5
15. Rac1 c6 16. Na4 Nxe5 17. dxe5 Qc7 18. Bd4 Ba3 19. Rc2 b5 20. Nc5 Rfd8 21.
f4 Bxc5 22. Bxc5 b4 23. Qc4 a5 24. Bd4 Rdc8 25. Rdc1 Qb7 26. Qc5 h6 27. g3 Qa6
28. e4 Nc7 29. Qxc6 Qd3 30. Bf2 Nb5 31. Qxc8+ Rxc8 32. Rxc8+ Kh7 33. R8c2 Nc3
34. a3 Ne2+ 35. Rxe2 Qxe2 36. axb4 axb4 37. Re1 Qb2 38. Re3 g5 39. Kg2 Qc2 40.
Kf3 Kg6 41. Kg2 h5 42. h4 g4 43. Kf1 Qd1+ 44. Kg2 Qd2 45. Kg1 Kg7 46. Kg2 Kf8
47. Kg1 Ke8 48. Kg2 Kd7 49. Kg1 Kc6 50. Kg2 1/2-1/2

[Event "Campionatele Nationale echipe - Div A -"]
[Site "Calimanesti-Caciulata"]
[Date "2014.11.09"]
[Round "2.1"]
[White "Oltean, Liviu Ioan"]
[Black "Dicu, Razvan Stefan"]
[Result "1/2-1/2"]
[WhiteElo "2344"]
[BlackElo "2304"]
[PlyCount "46"]
[EventDate "2014.11.08"]
[EventType "team"]
[EventRounds "9"]
[WhiteTeam "CSM CLUJ-NAPOCA"]
[BlackTeam "CS OTOPENI"]

1. e4 c5 2. Nf3 e6 3. c4 Nc6 4. Nc3 e5 5. d3 d6 6. Be2 f5 7. Nd5 Be7 8. exf5
Bxf5 9. O-O Nf6 10. Nh4 Be6 11. Nxe7 Qxe7 12. f4 O-O 13. f5 Bf7 14. Bg5 Nd4 15.
Bf3 Rab8 16. Be4 b5 17. b3 h6 18. Ng6 Bxg6 19. Bxf6 Rxf6 20. fxg6 bxc4 21. dxc4
Rbf8 22. Qd3 Rxf1+ 23. Rxf1 Rxf1+ 1/2-1/2

[Event "Campionatele Nationale echipe - Div A -"]
[Site "Calimanesti-Caciulata"]
[Date "2014.11.08"]
[Round "1.1"]
[White "Shishkin, Vadim"]
[Black "Oltean, Liviu Ioan"]
[Result "1/2-1/2"]
[WhiteElo "2473"]
[BlackElo "2344"]
[PlyCount "72"]
[EventDate "2014.11.08"]
[EventType "team"]
[EventRounds "9"]
[WhiteTeam "CS MUNCITORUL RESITA"]
[BlackTeam "CSM CLUJ-NAPOCA"]

1. d4 c5 2. d5 e5 3. e4 d6 4. Nc3 Nf6 5. f4 Bg4 6. Nf3 Nbd7 7. h3 Bxf3 8. Qxf3
Be7 9. f5 h5 10. Be3 h4 11. Bb5 a6 12. Bxd7+ Nxd7 13. a4 Bg5 14. Nd1 b6 15. O-O
Bxe3+ 16. Nxe3 Qg5 17. Ra3 Ke7 18. Rb3 Rhb8 19. Qe2 Kd8 20. Ng4 Kc7 21. f6 g6
22. c4 a5 23. Rbf3 Rh8 24. Qe3 Qxe3+ 25. Nxe3 Nb8 26. R1f2 Na6 27. Kh2 Rh5 28.
g3 hxg3+ 29. Rxg3 Rah8 30. Ng2 Nb4 31. h4 Kd7 32. Kh3 Ke8 33. Kg4 Kd7 34. Rh3
Ke8 35. Ne1 R8h7 36. Rfh2 Rh8 1/2-1/2

[Event "Campionatul National pe Echipe - Divizi"]
[Site "Olanesti - Hotel PARANG"]
[Date "2013.10.19"]
[Round "8.2"]
[White "Ardeleanu, Alin"]
[Black "Oltean, Liviu Ioan"]
[Result "1/2-1/2"]
[WhiteElo "2314"]
[BlackElo "2348"]
[PlyCount "59"]
[EventDate "2013.10.12"]
[EventType "team"]
[EventRounds "9"]
[WhiteTeam "Sah Club Galati"]
[BlackTeam "CSM Cluj Napoca"]

1. e4 c5 2. b3 e6 3. Nf3 a6 4. Bb2 d6 5. d4 cxd4 6. Nxd4 Nf6 7. Bd3 Be7 8. O-O
Nc6 9. Nxc6 bxc6 10. e5 dxe5 11. Bxe5 Bd6 12. Bxd6 Qxd6 13. Nd2 O-O 14. Nc4 Qc7
15. Qe2 c5 16. Qe5 Qxe5 17. Nxe5 Bb7 18. Rfe1 Rfd8 19. Rad1 Kf8 20. Nc4 a5 21.
Nb6 Rab8 22. Nc4 Ra8 23. Nb6 Rab8 24. Na4 Rdc8 25. Re5 Bd5 26. c4 Nd7 27. Rh5
Nf6 28. Re5 Nd7 29. Rh5 Nf6 30. Re5 1/2-1/2

[Event "Campionatul National pe Echipe - Divizi"]
[Site "Olanesti - Hotel PARANG"]
[Date "2013.10.17"]
[Round "6.2"]
[White "Milu, Romeo Sorin"]
[Black "Oltean, Liviu Ioan"]
[Result "1/2-1/2"]
[WhiteElo "2377"]
[BlackElo "2348"]
[PlyCount "31"]
[EventDate "2013.10.12"]
[EventType "team"]
[EventRounds "9"]
[WhiteTeam "Sah Club Deva"]
[BlackTeam "CSM Cluj Napoca"]

1. e4 c5 2. c3 d5 3. exd5 Qxd5 4. d4 Nf6 5. Nf3 e6 6. Be3 cxd4 7. cxd4 Nc6 8.
Nc3 Qd6 9. a3 Be7 10. Bd3 O-O 11. Qc2 Rd8 12. Rd1 g6 13. O-O Bd7 14. Rfe1 Nd5
15. Ne4 Nb8 16. Ra1 1/2-1/2

[Event "Campionatul National pe Echipe - Divizi"]
[Site "Olanesti - Hotel PARANG"]
[Date "2013.10.16"]
[Round "5.2"]
[White "Oltean, Liviu Ioan"]
[Black "Tugui, Adrian"]
[Result "1/2-1/2"]
[WhiteElo "2348"]
[BlackElo "2389"]
[PlyCount "80"]
[EventDate "2013.10.12"]
[EventType "team"]
[EventRounds "9"]
[WhiteTeam "CSM Cluj Napoca"]
[BlackTeam "Sah Club Oltenia"]

1. e4 c5 2. Nf3 a6 3. c3 d5 4. exd5 Qxd5 5. d4 e6 6. Be3 cxd4 7. cxd4 Nf6 8.
Nc3 Qd6 9. Qd2 Nc6 10. Rd1 Be7 11. Bd3 O-O 12. O-O Nb4 13. Bf4 Qd8 14. Bb1 b5
15. Bg5 Bb7 16. Ne5 Rc8 17. Rfe1 Nd7 18. Bxe7 Qxe7 19. Ne4 Bxe4 20. Rxe4 Rfd8
21. Nf3 Nf6 22. Ree1 Qd6 23. a3 Nc6 24. Ba2 Nd5 25. Ne5 Nxe5 26. dxe5 Qb6 27.
Rc1 Nc3 28. Qc2 Nxa2 29. Qxc8 Nxc1 30. Qxc1 Qd4 31. g3 h6 32. h4 Qd2 33. Qxd2
Rxd2 34. b4 Rd3 35. Re3 Rxe3 36. fxe3 Kh7 37. Kg2 Kg6 38. e4 f6 39. Kf3 fxe5
40. g4 h5 1/2-1/2